Döntések pszichológiája és a marketing befolyása az élelmiszerüzletekben

Bibliográfiai részletek
Szerző: Porubcsánszki Regina
További közreműködők: Szabó Edit
Dokumentumtípus: Projektmunka
Kulcsszavak:bolti környezet
fogyasztói magatartás
Hűségprogramok
impulzusvásárlás
pszichológia
pszichológiai árazás
Online Access:http://dolgozattar.uni-bge.hu/58753

MARC

LEADER 00000nnm a2200000 i 4500
001 dolg58753
005 20251027142348.0
008 251027suuuu hu o 000 hun d
040 |a BGE Dolgozattár Repozitórium  |b hun 
041 |a hu 
100 1 |a Porubcsánszki Regina 
245 1 0 |a Döntések pszichológiája és a marketing befolyása az élelmiszerüzletekben  |c Porubcsánszki Regina  |h [elektronikus dokumentum] 
516 |a Project_work 
520 3 |a Dolgozatom célja az élelmiszerboltban történő vásárlási döntések pszichológiai hátterének és az eszeket befolyásoló marketingeszközöknek a feltárása volt. Szekunder és primer kutatást végeztem, hogy teljes képet kapjak erről témáról. Az alábbi hipotézisekre kerestem választ:H1: A bolti eszközök közül az illatmarketing bír a legnagyobb befolyással a pozitív vevői élményre.H2: A fogyasztó vásárlási döntését elsősorban nem a termékek tényleges ára, hanem annak pszichológiai bemutatása és a termékek észlelt minősége befolyásolja.H3: A hűségkártya használók gyakrabban vásárolnak impulzívan. 
695 |a bolti környezet 
695 |a fogyasztói magatartás 
695 |a Hűségprogramok 
695 |a impulzusvásárlás 
695 |a pszichológia 
695 |a pszichológiai árazás 
700 1 |a Szabó Edit  |e ths 
856 4 0 |u http://dolgozattar.uni-bge.hu/58753/1/D%C3%B6nt%C3%A9sek%20pszichol%C3%B3gi%C3%A1ja%20%C3%A9s%20a%20marketing%20befoly%C3%A1sa%20az%20%C3%A9lelmiszer%C3%BCzletekben.pdf  |z Dokumentum-elérés 
856 4 0 |u http://dolgozattar.uni-bge.hu/58753/2/B%C3%ADr%C3%A1lat%20Porubcs%C3%A1nszki%20Regina.pdf  |z Dokumentum-elérés